LEADER 02605nam a2200277 4500 001 000000363913 003 CaOOAMICUS 005 20250827100035.0 008 250818s2024 it 000 u ita r 020 $a978-88-554-5111-6 040 $aSeMil$bita 100 1 $aBembo, Illuminata,$d.$0(OLS)http://semarc/name/122590 240 10$aSpecchio di illuminazione.$0(OLS)http://semarc/title/455261 245 10$aSpecchio di illuminazione :$b[la vita di Santa Caterina da Bologna] : edizione critica della redazione media ; in appendice frammento della redazione breve /$cIlluminata Bembo ; testo critico, introduzione, note e indici Riccardo Pane. 264 1$aBologna :$bEdizioni San Clemente :$bEdizioni Studio Domenicano,$c2024. 300 $a303 p. ;$c20 cm 490 1 $aI talenti ;$v48 520 4 $aSpecchio di Illuminazione è il titolo con il quale è conosciuta la biografia di Santa Caterina da Bologna (o de? Vigri), clarissa vissuta nel XV secolo tra Ferrara e Bologna, insigne per cultura, doni mistici e doti artistiche, autrice di alcune opere, la più nota delle quali è Le sette armi spirituali. L?opera agiografica venne redatta, all?indomani della morte della Santa, dalla discepola Beata Illuminata Bembo, e conobbe diverse redazioni. Quella che poi fu licenziata dalla suore e venne ripetutamente pubblicata nei secoli successivi, viene qui presentata in una nuova edizione critica, alla luce delle numerose scoperte manoscritte emerse negli ultimi anni, che hanno rivelato un quadro complesso nella trasmissione di questo testo agiografico, che fino all?inizio del XXI secolo era noto solo attraverso un codice, ritenuto forse erroneamente autografo, e tuttora conservato come reliquia presso il monastero del Corpus Domini di Bologna, dove Caterina fu badessa e morì nel 1463, e dove il suo corpo è tuttoraesposto incorrotto alla venerazione dei fedeli. [4. di cop.] 700 1 $aPane, Riccardo,$d<1972- >.$0(OLS)http://semarc/name/56272 830 2$aI talenti ;$v48.$0(OLS)http://semarc/title/36107 850 $aSeMil 852 $aSeMil$W1$xVenegono$y1$m2NA M 48$j260671$B254773$CSeMilBibl$Z2$F254773 $81 996 $6020$a978-88-554-5111-6$9(OLS)http://semarc/number/303897 996 $6245$aSpecchio di illuminazione :$b[la vita di Santa Caterina da Bologna] : edizione critica della redazione media ; in appendice frammento della redazione breve$9(OLS)http://semarc/title/455260 996 $6264$aBologna :$bEdizioni San Clemente :$bEdizioni Studio Domenicano$9(OLS)http://semarc/publisher/60976 LEADER 00725nas a2200169 i 4500 001 000000007908 003 CaOOAMICUS 005 20190627121418.0 008 180830n1983 it zx l u0 z|ita u 040 $aSeMil$bita 245 10$aLezioni della Scuola di studi superiori in Napoli / Istituto italiano per gli studi filosofici. 264 1$aNapoli :$bBibliopolis,$c1983- 300 $av. ;$c21 cm. 710 2 $aIstituto Italiano per gli Studi Filosofici .$0(OLS)http://semarc/name/2497 996 $6245$aLezioni della Scuola di studi superiori in Napoli / Istituto italiano per gli studi filosofici$9(OLS)http://semarc/title/10531 996 $6264$aNapoli :$bBibliopolis$9(OLS)http://semarc/publisher/30003